| 000 | 00795nam a22002057a 4500 | ||
|---|---|---|---|
| 999 |
_c13596 _d13596 |
||
| 003 | AR-CdUCM | ||
| 008 | 190415b ||||| |||| 00| 0 spa d | ||
| 040 |
_aMUNICIPALIDAD PROVINCIAL DEL CUSCO _cBIBLIOTECA MUNICIPAL DEL CUSCO |
||
| 082 |
_23 ed _a364.150 / _bJ54 / 1942 |
||
| 100 |
_aJiménez de Asúa, Luis _99133 |
||
| 245 | _aPsicoanálisis criminal / | ||
| 260 |
_aBuenos Aires : _bLosada, _c1942. |
||
| 300 |
_a300 páginas ; _c21 cm. |
||
| 505 | _aContenido : Antecedentes de la psicología profunda criminal -- Doctrina criminologica y penal del psicoanálisis -- Doctrina criminologica y penal de la psicología individual ... | ||
| 650 |
_aDoctrina _91208 |
||
| 650 |
_aCriminologica _932063 |
||
| 650 |
_aPsicoanálisis _916757 |
||
| 942 |
_2ddc _cLIBROS |
||
| 945 |
_arah _d15/04/2019 |
||